02042cam a22003854i 4500003000900000005001700009008004100026035001900067035001900086040003300105082002000138245010900158264003800267300005900305336002100364337002500385338002300410505101500433526001001448526001001458526000901468526000901477526000901486526000901495526000901504526000901513526000901522526000801531526000801539526000801547526000801555526000801563650004901571700003601620PE-LiUPU20250731165519.0150623s r 000 0 d a(Sirsi) a26412 a(Sirsi) a26412 aPE-LiUPUbspacPE-LiUPUerda04a984.04bB1622100aHomenaje a Bolivia en el primer centenario de su independencia 1825-1925 /cJ. Ricardo Alarcón A. dir. 1aLa Paz, Bolivia :b[s.e.],c1925. a1142 páginas :bilustraciones fotos, mapas ;c35 cm. atext2rdacontent aunmediated2rdamedia avolume2rdacarrier0 aBolivia pintoresca. Prehistoria Boliviana. Vestigios de antiguas culturas en Bolivia. Tradiciones relacionadas con la prehistoria boliviana e historia de los Kollas. Bolivia y su origen. La administración Saavedra. Bolivia, breve reseña histórica, geográfica y política. Aspecto físico general. Apuntes sobre geología y minerología bolivianas. Animales y plantas de Bolivia. Calendario histórico. El arte y la literatura en Bolivia. Apuntes para un diccionario biográfico boliviano. Administración Pública. Monografía de Sucre. Galería social de Sucre. Monografía de La Paz. Galería social de La Paz. Monografía de Oruro. Galería social de Oruro. Monografía de Cochabamba. Galería social de Chochabamba. Monografía de Potosí. Galería social de Potosí. Monografía de Uyuni. Galería social de Uyuni. Monografía de sud-chicas. Monografía de Tarija. Galería social de Tarija. Monografía de Santa Cruz. Galeria social de Santa Cruz. Monografía del Beni. aSEG44 aSEG26 aP151 aP150 aP149 aP146 aP145 aP126 aP125 aP92 aP75 aP74 aP27 aP1504aBoliviaxHistoriayEmancipación 1809-1925.1 aAlarcón A., J. Ricardo,edir.